| 000 | 01195nam a22002537a 4500 | ||
|---|---|---|---|
| 999 |
_c16799 _d16799 |
||
| 003 | AR-CdUCM | ||
| 008 | 190506b ||||| |||| 00| 0 spa d | ||
| 040 |
_aMUNICIPALIDAD PROVINCIAL DEL CUSCO _cBIBLIOTECA MUNICIPAL DEL CUSCO |
||
| 082 |
_a370.82 / _bAN61 |
||
| 245 |
_aAniversario de Gloria : _b1821-1961 / |
||
| 260 |
_aLima : _bMinisterio de Educación Pública, _c1961. |
||
| 300 |
_a59 páginas ; _bilustraciones, retrato, _c25 cm. |
||
| 440 |
_aBiblioteca Básica Peruana / Colección Patria y Civismo. _n1 _936470 |
||
| 500 | _aDespués del título "Los frutos del saber son para el hombre". | ||
| 505 | _aContenido: Proclama del Inspector General de Instrucciones Pre-Militar al iniciarse el desfile del 27 de Julio leída por el General Reynaldo Enríquez Quezada -- 28 de Julio de 1821 -- El patriotismo y la patria -- La bandera -- Junin ... | ||
| 650 |
_aEducación cívica _95159 |
||
| 650 |
_aPerú _935 |
||
| 650 |
_aPatriotismo _91254 |
||
| 700 |
_aVillanueva Pinillos, Alfonso (presentación) _936471 |
||
| 700 |
_aMolina, Andres (portada e ilustraciones) _936472 |
||
| 710 |
_aMinisterio de Educación Pública _96342 |
||
| 942 |
_2ddc _cLIBROS |
||
| 945 |
_aachl _d2019-05-06 |
||